| 000 | 00558nam a2200217 4500 | ||
|---|---|---|---|
| 005 | 20251002074128.0 | ||
| 020 |
_a0195674235 _cTZS 7,423/= |
||
| 040 |
_aMCCL _beng. _eAACR 2nd rev. ed. |
||
| 082 | _a340 DEN | ||
| 100 | _aDenning, Lord | ||
| 245 |
_aThe due process of law _c/ Lord Denning |
||
| 260 |
_aLondon : _bButterworths, _c1980. |
||
| 300 |
_a xviii, 263 p. : _c22 cm. |
||
| 504 | _aIncludes index | ||
| 546 | _aeng. | ||
| 650 | _aLaw philosophy | ||
| 650 | _aseven Conflicts in the courts | ||
| 650 | _aLaw | ||
| 650 | _aLaw | ||
| 942 | _cBK | ||
| 999 |
_c11558 _d11558 |
||